| 000 | 00368nam a2200121Ia 4500 | ||
|---|---|---|---|
| 008 | 160609s9999 xx 000 0 und d | ||
| 100 | _aBlanford, Steve. | ||
| 245 | _aTheatre And Performance In Small Nations | ||
| 245 | _cBy:Steve Blandford | ||
| 260 | _c2013 | ||
| 650 | _xINTRODUCTION TO THEATRE ARTS | ||
| 856 | _uhttp://file.ebook777.com/009/TheAndPerInSmaNat.pdf | ||
| 999 |
_c295635 _d295635 |
||